000 00631nam a22001937a 4500
003 ASAB
005 20180827062822.0
008 180330t xxu||||| |||| 00| 0 eng d
040 _cASAB
082 _aThesis 2016 ZA
100 _aZain ul Arfeen-sup- Dr. Shah Rukh Abbas
_93591
245 _aTH-MS-Graphene Oxide based Electrochemical Biosensor for Timely Diagnosis of Rheumatoid Arthritis
_cZain ul Arfeen-sup- Dr. Shah Rukh Abbas
250 _a2016
260 _aIslamabad.
_bASAB NUST
_c2016
300 _axiii, 69 P
630 _aIndustrial Biotechnology
_93592
630 _aRheumatoid Arthritis
_93593
942 _2ddc
_cTH
999 _c480759
_d480759